000 00465nam a2200181Ia 4500
001 15947
005 20260306170233.0
008 260306t2010||||xx |||||||||||||| ||und||
041 _aESP
082 _a620.86
_bA173
100 _aAsfahl C. Ray
_eAUT
245 0 _aSeguridad industrial y administración de la salud:
_bIndustrial safety and health management
260 _c2010
300 _a
_c
650 _aGEN
654 _aCII
942 _cLIB
_dJUS
_fJUS
_2ddc
_n
999 _c15947
_d15947